[Event "POL-chT 1st League"]
[Site "Leba"]
[Date "2023.09.30"]
[Round "8.9"]
[White "Miroslaw, Michal"]
[Black "Kasperek, Ryszard"]
[Result "1-0"]
[WhiteElo "2233"]
[BlackElo "2041"]
[PlyCount "125"]
[EventDate "2023.09.23"]
[EventType "team-swiss"]
[EventRounds "9"]
[EventCountry "POL"]
[SourceTitle "EXT 2024"]
[Source "ChessBase"]
[SourceDate "2023.10.10"]
[SourceVersion "1"]
[SourceVersionDate "2023.10.10"]
[SourceQuality "1"]
[WhiteTeam "Lublin LKSz"]
[BlackTeam "Debica Gryf"]
[WhiteTeamCountry "POL"]
[BlackTeamCountry "POL"]

1. e4 e5 2. Nf3 Nc6 3. Bb5 a6 4. Ba4 b5 5. Bb3 Na5 6. 0-0 d6 7. c3 Nxb3 8. Qxb3 Be6 9. Qc2 Bg4 10. Qd3 Qd7 11. a4 bxa4 12. c4 Ne7 13. Nc3 Ng6 14. Ne1 Be7 15. Qc2 0-0 16. d3 a3 17. b4 Nf4 18. f3 Bh5 19. Bxf4 exf4 20. Nd5 Bg5 21. Rxa3 Rfb8 22. Qf2 Bg6 23. Nc2 f5 24. Rfa1 fxe4 25. dxe4 Qc8 26. h4 Bd8 27. c5 Bf7 28. Nxf4 dxc5 29. Qxc5 Bxh4 30. Nd5 Bxd5 31. Qxd5+ Kh8 32. b5 a5 33. Rxa5 Rxa5 34. Rxa5 Qf8 35. Nd4 Qb4 36. Ra1 Rd8 37. Nc6 Qc3 38. Nxd8 Qxa1+ 39. Kh2 h6 40. Nf7+ Kh7 41. Qf5+ Kg8 42. Nxh6+ gxh6 43. Qg4+ Bg5 44. f4 Qc1 45. fxg5 hxg5 46. Qf5 Kg7 47. e5 Kh6 48. Qf6+ Kh5 49. Qf7+ Kh6 50. Qf6+ Kh5 51. Qf3+ Kg6 52. Qe4+ Kg7 53. Kg3 Qc5 54. Kg4 Qxb5 55. Kxg5 Qe8 56. Qf5 Qe7+ 57. Kf4 Qb4+ 58. Qe4 Qd2+ 59. Kf5 Qf2+ 60. Kg4 c5 61. Qb7+ Kf8 62. Qf3+ Qxf3+ 63. gxf3 1-0

[Event "Malopolska-ch"]
[Site "Krakow"]
[Date "2023.06.10"]
[Round "6"]
[White "Karut, Kacper"]
[Black "Kasperek, Ryszard"]
[Result "1-0"]
[WhiteElo "1954"]
[BlackElo "2056"]
[PlyCount "93"]
[EventDate "2023.06.08"]
[EventType "swiss"]
[EventRounds "7"]
[EventCountry "POL"]
[SourceTitle "CBM 214 Extra"]
[Source "ChessBase"]
[SourceDate "2023.07.31"]
[SourceVersion "1"]
[SourceVersionDate "2023.07.31"]
[SourceQuality "1"]

1. e4 c5 2. Nf3 e6 3. d4 cxd4 4. Nxd4 a6 5. Bd3 Bc5 6. Nb3 Ba7 7. 0-0 Nc6 8. Qe2 Nge7 9. Be3 0-0 10. f4 f5 11. e5 Nb4 12. Bxa7 Rxa7 13. a3 Nxd3 14. Qxd3 b6 15. c4 Rc7 16. Nc3 Bb7 17. Rac1 g5 18. Ne2 Ng6 19. Qe3 Qa8 20. g3 Rfc8 21. Nd2 b5 22. c5 g4 23. b4 a5 24. Nc3 Qa6 25. Kf2 Qc6 26. Rg1 Qa6 27. Nb3 axb4 28. axb4 Qa3 29. Nxb5 Qb2+ 30. Nd2 Qxb4 31. Nxc7 Rxc7 32. Qc3 Qa4 33. Rb1 Bd5 34. Rb6 Nxf4 35. Ra1 Nd3+ 36. Ke3 Rxc5 37. Qxc5 Nxc5 38. Rxa4 Nxa4 39. Rb8+ Kf7 40. Kd4 Ke7 41. Rb4 Bc6 42. Nc4 h5 43. Na5 Ba8 44. Rxa4 f4 45. gxf4 h4 46. Nc4 Bc6 47. Ra2 1-0

[Event "SVK-chT1E 2223"]
[Site "Slovakia"]
[Date "2023.01.14"]
[Round "7.3"]
[White "Kasperek, Ryszard"]
[Black "Straka, Jozef1111"]
[Result "1/2-1/2"]
[WhiteElo "2091"]
[BlackElo "2326"]
[PlyCount "60"]
[EventDate "2022.10.15"]
[EventType "team-tourn"]
[EventRounds "11"]
[EventCountry "SVK"]
[SourceTitle "EXT 2024"]
[Source "ChessBase"]
[SourceDate "2023.10.10"]
[SourceVersion "1"]
[SourceVersionDate "2023.10.10"]
[SourceQuality "1"]
[WhiteTeam "Dunajov Martin II"]
[BlackTeam "Cadca"]
[WhiteTeamCountry "SVK"]
[BlackTeamCountry "SVK"]

1. e4 c6 2. d4 d5 3. exd5 cxd5 4. c4 Nf6 5. Nc3 e6 6. Nf3 Be7 7. cxd5 Nxd5 8. Bd3 Nc6 9. 0-0 0-0 10. Re1 Nxc3 11. bxc3 Bd7 12. Qc2 g6 13. Bh6 Re8 14. Rab1 b6 15. Qd2 Bf6 16. Qf4 Bg7 17. h4 Qf6 18. Qd2 Bxh6 19. Qxh6 Rac8 20. Re3 Red8 21. Rbe1 Qg7 22. Qf4 Ne7 23. c4 b5 24. d5 bxc4 25. Bxc4 Nxd5 26. Bxd5 exd5 27. Re7 h6 28. Ne5 Be6 29. Rxa7 d4 30. Nf3 Ra8 1/2-1/2

[Event "SVK-chT1E 2223"]
[Site "Slovakia"]
[Date "2022.10.16"]
[Round "2.3"]
[White "Kasperek, Ryszard"]
[Black "Ihnat, Marek1111"]
[Result "1-0"]
[WhiteElo "2091"]
[BlackElo "2095"]
[PlyCount "111"]
[EventDate "2022.10.15"]
[EventType "team-tourn"]
[EventRounds "11"]
[EventCountry "SVK"]
[SourceTitle "EXT 2024"]
[Source "ChessBase"]
[SourceDate "2023.10.10"]
[SourceVersion "1"]
[SourceVersionDate "2023.10.10"]
[SourceQuality "1"]
[WhiteTeam "Dunajov Martin II"]
[BlackTeam "Michalovce Zemplin"]
[WhiteTeamCountry "SVK"]
[BlackTeamCountry "SVK"]

1. e4 c6 2. d4 d5 3. exd5 cxd5 4. c4 Nf6 5. Nc3 g6 6. Qb3 Bg7 7. cxd5 0-0 8. Be2 Na6 9. Bf3 Qb6 10. Qxb6 axb6 11. Nge2 Nb4 12. 0-0 Rd8 13. d6 Rxd6 14. Bf4 Rd7 15. Rad1 Nfd5 16. Be5 Bh6 17. Rfe1 Kf8 18. a3 Rd8 19. Bxd5 Nxd5 20. Nxd5 Rxd5 21. Nc3 Rd7 22. d5 Bg7 23. Bxg7+ Kxg7 24. d6 e6 25. Re4 Rd8 26. Rb4 Bd7 27. Rxb6 Bc6 28. f3 f5 29. a4 Rd7 30. b4 Ra6 31. Rxa6 bxa6 32. b5 axb5 33. axb5 Bb7 34. Na4 Bd5 35. Nc5 Rxd6 36. Nxe6+ Rxe6 37. Rxd5 Re1+ 38. Kf2 Rb1 39. Ke3 Rb2 40. Kd4 Rxg2 41. h4 Kh6 42. b6 Rb2 43. Kc5 Kh5 44. Rd4 Rc2+ 45. Rc4 Rb2 46. Rb4 Rc2+ 47. Kd6 Rd2+ 48. Ke7 Re2+ 49. Kf7 Rd2 50. b7 Rd8 51. b8Q Rxb8 52. Rxb8 Kxh4 53. Rh8 f4 54. Rxh7+ Kg3 55. Kxg6 Kxf3 56. Kf5 1-0

[Event "POL-chT 2nd League"]
[Site "Jastrzebia Gora"]
[Date "2022.09.08"]
[Round "6.4"]
[White "Kasperek, Ryszard"]
[Black "Kukula, Pawel"]
[Result "1/2-1/2"]
[WhiteElo "2083"]
[BlackElo "2133"]
[PlyCount "89"]
[EventDate "2022.09.03"]
[EventType "team-swiss"]
[EventRounds "9"]
[EventCountry "POL"]
[SourceTitle "CBM 210 Extra"]
[Source "ChessBase"]
[SourceDate "2022.11.30"]
[SourceVersion "1"]
[SourceVersionDate "2022.11.30"]
[SourceQuality "1"]
[WhiteTeam "Debica Gryf"]
[BlackTeam "Bydgoszcz Energia Gwiazda"]
[WhiteTeamCountry "POL"]
[BlackTeamCountry "POL"]

1. e4 c5 2. Nf3 Nf6 3. e5 Nd5 4. Nc3 Nxc3 5. dxc3 Nc6 6. Bf4 Qc7 7. Qd2 e6 8. 0-0-0 h6 9. h4 Rb8 10. c4 a6 11. a4 Na5 12. Qc3 b6 13. g4 Bb7 14. Be2 Bc6 15. b3 b5 16. Bd2 b4 17. Qd3 g6 18. Bf4 Bg7 19. Qe3 Bf8 20. Rh3 Bxf3 21. Bxf3 Nc6 22. Bxc6 Qxc6 23. Qe2 Rd8 24. Rhd3 Be7 25. h5 g5 26. Bg3 Rg8 27. Kb1 Rg7 28. Rf3 Qb7 29. Qd3 Qc6 30. Rf6 Bxf6 31. exf6 Rg8 32. Qh7 Rf8 33. Qxh6 d5 34. Qxg5 dxc4 35. Rxd8+ Kxd8 36. bxc4 b3 37. Qd2+ Kc8 38. Qd6 bxc2+ 39. Kc1 Qh1+ 40. Kxc2 Qe4+ 41. Kc3 Qe1+ 42. Qd2 Qa1+ 43. Qb2 Qe1+ 44. Qd2 Qa1+ 45. Qb2 1/2-1/2

[Event "POL-chT 2nd League"]
[Site "Jastrzebia Gora"]
[Date "2022.09.06"]
[Round "4.38"]
[White "Flak, Pawel"]
[Black "Kasperek, Ryszard"]
[Result "1/2-1/2"]
[WhiteElo "2190"]
[BlackElo "2083"]
[PlyCount "92"]
[EventDate "2022.09.03"]
[EventType "team-swiss"]
[EventRounds "9"]
[EventCountry "POL"]
[SourceTitle "CBM 210 Extra"]
[Source "ChessBase"]
[SourceDate "2022.11.30"]
[SourceVersion "1"]
[SourceVersionDate "2022.11.30"]
[SourceQuality "1"]
[WhiteTeam "Plock Hetman"]
[BlackTeam "Debica Gryf"]
[WhiteTeamCountry "POL"]
[BlackTeamCountry "POL"]

1. d4 Nf6 2. g3 c5 3. c3 d5 4. Bg2 Nc6 5. Nf3 e6 6. 0-0 Be7 7. Nbd2 cxd4 8. cxd4 0-0 9. b3 b5 10. Ne5 Bb7 11. Nxc6 Bxc6 12. Bb2 Qa5 13. a3 b4 14. axb4 Qb6 15. Nf3 Bxb4 16. Ne5 Rfc8 17. Qb1 Bb5 18. Nd3 Be7 19. Rc1 Rxc1+ 20. Nxc1 Rc8 21. Nd3 Ne4 22. Qd1 Nc3 23. Qc2 Qxd4 24. Rd1 Bf6 25. Bf1 Qb6 26. e3 Rc6 27. Rc1 Ne4 28. Qd1 Bxd3 29. Rxc6 Qxc6 30. Bxd3 Bxb2 31. Bxe4 g6 32. Qc2 Qxc2 33. Bxc2 Kf8 34. e4 Ke7 35. exd5 exd5 36. Kf1 Kd6 37. Ke2 Kc5 38. Kd3 a5 39. Bd1 Kb4 40. h3 f6 41. h4 f5 42. Bf3 Kc5 43. h5 Bd4 44. hxg6 hxg6 45. Ke2 Bc3 46. g4 f4 1/2-1/2

[Event "Bystre op 2nd"]
[Site "Bystre"]
[Date "2022.07.22"]
[Round "7"]
[White "Karvatskyi, Oleksii"]
[Black "Kasperek, Ryszard"]
[Result "0-1"]
[WhiteElo "1804"]
[BlackElo "2058"]
[PlyCount "58"]
[EventDate "2022.07.17"]
[EventType "swiss"]
[EventRounds "9"]
[EventCountry "POL"]
[SourceTitle "CBM 209 Extra"]
[Source "ChessBase"]
[SourceDate "2022.09.30"]
[SourceVersion "1"]
[SourceVersionDate "2022.09.30"]
[SourceQuality "1"]

1. e4 c5 2. b3 Nc6 3. Bb2 e6 4. Bb5 Nge7 5. Nc3 a6 6. Bxc6 Nxc6 7. f4 d5 8. exd5 exd5 9. Nf3 Be7 10. 0-0 0-0 11. Ne5 Bf6 12. Nxc6 bxc6 13. Qf3 Bf5 14. Rac1 Qa5 15. a4 Rfe8 16. Ba1 c4 17. g4 Bd4+ 18. Kg2 Be4 19. Nxe4 dxe4 20. Qe2 Bxa1 21. Rxa1 cxb3 22. cxb3 Rad8 23. Rfd1 Rd3 24. Rac1 Qd5 25. Kf2 Rd8 26. Rc4 e3+ 27. Kg1 Rxd2 28. Rxd2 exd2 29. Qd1 Re8 0-1

[Event "Zagnansk op"]
[Site "Zagnansk"]
[Date "2022.05.03"]
[Round "5"]
[White "Kasperek, Ryszard"]
[Black "Barwinska, Ewa"]
[Result "1-0"]
[WhiteElo "2068"]
[BlackElo "1825"]
[PlyCount "51"]
[EventDate "2022.04.29"]
[EventType "swiss"]
[EventRounds "9"]
[EventCountry "POL"]
[SourceTitle "CBM 208 Extra"]
[Source "ChessBase"]
[SourceDate "2022.07.31"]
[SourceVersion "1"]
[SourceVersionDate "2022.07.31"]
[SourceQuality "1"]

1. e4 e5 2. Nf3 Nc6 3. Bb5 a6 4. Ba4 Nf6 5. 0-0 d6 6. Bxc6+ bxc6 7. d4 exd4 8. Nxd4 Bb7 9. Nc3 c5 10. Nf5 g6 11. Nh6 Bg7 12. Bg5 Qd7 13. Qf3 Ng8 14. Nxg8 Rxg8 15. Rfe1 h6 16. Bf6 Kf8 17. Nd5 Bxd5 18. exd5 Re8 19. c4 Rh8 20. Kf1 Kg8 21. Rxe8+ Qxe8 22. Re1 Qa4 23. b3 Qxa2 24. Qc3 Rh7 25. Bxg7 Rxg7 26. Ra1 1-0

[Event "Zagnansk op"]
[Site "Zagnansk"]
[Date "2022.05.01"]
[Round "3"]
[White "Karut, Kacper"]
[Black "Kasperek, Ryszard"]
[Result "1/2-1/2"]
[WhiteElo "1775"]
[BlackElo "2068"]
[PlyCount "111"]
[EventDate "2022.04.29"]
[EventType "swiss"]
[EventRounds "9"]
[EventCountry "POL"]
[SourceTitle "CBM 208 Extra"]
[Source "ChessBase"]
[SourceDate "2022.07.31"]
[SourceVersion "1"]
[SourceVersionDate "2022.07.31"]
[SourceQuality "1"]

1. e4 c5 2. Nf3 e6 3. d4 cxd4 4. Nxd4 a6 5. Bd3 Nf6 6. Qe2 d6 7. 0-0 g6 8. c4 Bg7 9. Nc3 0-0 10. Kh1 b6 11. f4 Bb7 12. Nf3 Nc6 13. a3 Rc8 14. Be3 Nd7 15. Na4 Nc5 16. Nxc5 bxc5 17. Rad1 Qe7 18. Qd2 a5 19. f5 exf5 20. exf5 Ne5 21. Nxe5 Bxe5 22. Bg5 Qc7 23. Rde1 f6 24. Bh6 g5 25. Bxf8 Rxf8 26. Be4 Rb8 27. Bxb7 Rxb7 28. Re2 Kg7 29. Qd5 Qb8 30. Rb1 Rb3 31. Qe4 Qe8 32. Re3 Rb6 33. Rh3 a4 34. Qe2 Qf7 35. Qh5 Qxh5 36. Rxh5 g4 37. Rh4 h5 38. h3 Rxb2 39. Rd1 g3 40. Rxh5 Rb3 41. Rh4 Rxa3 42. Re4 Rb3 43. Re2 a3 44. Ra2 Kh6 45. Kg1 Kg5 46. Kf1 Bb2 47. Rxd6 Rc3 48. Ke2 Kf4 49. Rd3 Rc2+ 50. Rd2 Rxc4 51. Raxb2 Re4+ 52. Kd3 axb2 53. Rxb2 Kxf5 54. Rc2 Re5 55. Kc4 Ke6 56. Rc3 1/2-1/2

[Event "Bydgoszcz PGNiG Rapid"]
[Site "Bydgoszcz"]
[Date "2021.09.18"]
[Round "5"]
[White "Kasperek, Ryszard"]
[Black "Kowalczyk, Pawel"]
[Result "0-1"]
[WhiteElo "2163"]
[BlackElo "2339"]
[PlyCount "70"]
[EventDate "2021.09.18"]
[EventType "swiss (rapid)"]
[EventRounds "9"]
[EventCountry "POL"]
[SourceTitle "CBM 204 Extra"]
[Source "ChessBase"]
[SourceDate "2021.11.30"]
[SourceVersion "1"]
[SourceVersionDate "2021.11.30"]
[SourceQuality "1"]

1. e4 a6 2. d4 e6 3. Nf3 b5 4. a4 b4 5. Bd3 Bb7 6. 0-0 c5 7. d5 Nf6 8. c4 d6 9. dxe6 fxe6 10. e5 dxe5 11. Nxe5 Bd6 12. Bf4 Bxe5 13. Bxe5 Nc6 14. Bxf6 Qxf6 15. Qh5+ g6 16. Qxc5 Qxb2 17. Be4 Qxa1 18. Re1 Qf6 19. Bxc6+ Bxc6 20. Qxc6+ Kf7 21. Nd2 Rac8 22. Qb7+ Qe7 23. Qe4 Rhd8 24. Nf3 Kg8 25. h4 Rd6 26. h5 gxh5 27. Ne5 Rf8 28. Re3 h4 29. c5 Rd1+ 30. Kh2 Qg5 31. Nf3 Qf4+ 32. Qxf4 Rxf4 33. Rxe6 a5 34. Ra6 b3 35. Rxa5 b2 0-1

[Event "Opole Termika Rapid op"]
[Site "Opole"]
[Date "2021.07.17"]
[Round "4"]
[White "Nasuta, Grzegorz"]
[Black "Kasperek, Ryszard"]
[Result "1-0"]
[WhiteElo "2518"]
[BlackElo "2190"]
[PlyCount "51"]
[EventDate "2021.07.17"]
[EventType "swiss (rapid)"]
[EventRounds "9"]
[EventCountry "POL"]
[SourceTitle "CBM 203 Extra"]
[Source "ChessBase"]
[SourceDate "2021.09.30"]
[SourceVersion "1"]
[SourceVersionDate "2021.09.30"]
[SourceQuality "1"]

1. e4 c5 2. Nf3 e6 3. d4 cxd4 4. Nxd4 a6 5. c4 Nf6 6. Nc3 Bb4 7. Qd3 d5 8. exd5 exd5 9. Be2 0-0 10. 0-0 Nc6 11. Nxc6 bxc6 12. Bg5 Be6 13. cxd5 cxd5 14. Qd4 Be7 15. Rad1 h6 16. Be3 Qa5 17. Qa4 Qc7 18. Bf3 Rfd8 19. Rd2 a5 20. Rc1 Rab8 21. Qd1 Rbc8 22. Nxd5 Qxc1 23. Nxe7+ Kh7 24. Rxd8 Qxd1+ 25. Rxd1 Rc7 26. Nc6 1-0